Texto del TLC

Đã lưu trong:
Chi tiết về thư mục
Định dạng: Texto
Được phát hành: San José
Các nhãn: Thêm thẻ
Không có thẻ, Là người đầu tiên thẻ bản ghi này!

MARC

LEADER 00000 a a2200000 04500
001 29829
003
040
090 |a 194001  |b RECURSO ELECTRONICO  
245 |a Texto del TLC  
260 |a San José  
500 |a Incluye los borradores del Texto, que están sujetos a revisión legal para efectos de exactitud, claridad, consistencia y cotejo lingüistico  
999 |c 8569  |d 8569